| 000 | 00398nam a22001697a 4500 | ||
|---|---|---|---|
| 005 | 20180226170404.0 | ||
| 008 | 160521b xxu||||| |||| 00| 0 eng d | ||
| 020 | _a978-81-8488-038-0 | ||
| 041 | _aeng | ||
| 082 |
_b3991 _a330.954 |
||
| 100 |
_aMishra - Puri _9996 |
||
| 245 | _aIndian Economy | ||
| 260 | _bHimalaya Publishing House | ||
| 300 | _a829 | ||
| 650 |
_aManagement _9241 |
||
| 942 | _cBK | ||
| 999 |
_c1357 _d1357 |
||